000 00313nam a22001337a 4500
008 170712b xxu||||| |||| 00| 0 eng d
020 _a0721631487
041 _aeng
080 _225TH
_a038
100 _a23
101 _aFJA
245 _aDORLAND'S ILLUSTRATED MEDICAL DICTIONARY
_cFRIEL, J.P
942 _2udc
_cBK
999 _c20314
_d20314